000
00274nam a2200097Ia 4500
008
240331s9999 xx 000 0 und d
082
_b
ETH
100
_a
ICES. ed
245
0
_a
Ethnic conflict,minority protection and conflict resolution :
_b
ohuman right perspectives
942
_c
L
999
_c
4955
_d
4955